Automorphisms of Surfaces after Nielsen and Thurston
Αποθηκεύτηκε σε:
| Κύριος συγγραφέας: | |
|---|---|
| Άλλοι συγγραφείς: | |
| Μορφή: | Βιβλίο |
| Γλώσσα: | English |
| Δημοσίευση: |
Cambridge :
Cambridge University Press,
1993
|
| Έκδοση: | 1sr ed., Repr. |
| Σειρά: | London Mathematical Society student texts ;
; 9 |
| Θέματα: | |
| Ετικέτες: |
Προσθήκη ετικέτας
Δεν υπάρχουν, Καταχωρήστε ετικέτα πρώτοι!
|
MARC
| LEADER | 00000nam a2200000 i 4500 | ||
|---|---|---|---|
| 001 | 1/29549 | ||
| 008 | 960628s1993 eng d | ||
| 020 | |a 0-521-34985-0 | ||
| 035 | |a 1995 |l 10038348 | ||
| 040 | |a GR-MY-UA |b gre |e aacr | ||
| 041 | 0 | |a eng | |
| 082 | 0 | |a 516. | |
| 100 | 1 | |a Casson, Andrew J. | |
| 245 | 1 | 0 | |a Automorphisms of Surfaces after Nielsen and Thurston / |c Andrew J. Casson and Steven A. Bleiler |
| 250 | |a 1sr ed., Repr. | ||
| 260 | |a Cambridge : |b Cambridge University Press, |c 1993 | ||
| 300 | |a 104 p.; |c 23 cm. | ||
| 490 | 1 | |a London Mathematical Society Student Texts |v ; 9 | |
| 500 | |a Includes bibliographical references and index | ||
| 650 | 0 | 0 | |a Surfaces. |
| 650 | 0 | 0 | |a Automorphisms. |
| 650 | 0 | 0 | |a Geometry, Hyperbolic. |
| 700 | 1 | |a Bleiler, Steven A. | |
| 830 | 0 | |a London Mathematical Society student texts ; |v ; 9 | |
| 852 | |a INST |b SAMOS |e 19960628 |h 516 CAS |p 005300005430 |q 005300005430 |t BK |y 0 | ||
| 909 | |a Σ |b 041351 | ||